00316nam a22001097a 4500082002600000100002200026245004700048260004800095300001800143526003700161650000800198 a658bMANcL-27, P-115 aBittel, Lester R. aManagement by exception /cLester R Bittel aLondon :bMcGraw Hill Book Company,c1964.  axiv, 320 p. : a0b0c0d658_000000000000000_MAN aMCE